| 000 | 00392nam a2200145Ia 4500 | ||
|---|---|---|---|
| 008 | 130318s9999 xx 000 0 und d | ||
| 020 | _a8178080133 | ||
| 082 | _a658.404 ROY/S | ||
| 100 | _aRoyce, Walker | ||
| 245 | _aSoftware project management: A unified framework | ||
| 260 |
_bAWP _aHarlow _c2000 |
||
| 300 | _a406 | ||
| 650 | _aSOFTWARE ENGINEERING | ||
| 650 | _aSOFTWARE PROJECT MANAGEMENT | ||
| 999 |
_c154 _d154 |
||